000 00334nam a2200169Ia 4500
100 _aNegus/Christopher
650 _aLinux
942 _cBK
366 _f25
654 _alinux
245 _aLinux 2010
260 _bWiley India
_c2010
082 _a5.133
_bNEG
300 _a881
546 _aENGLISH
_cPAMPHALETS
999 _c18267
_d18267